000 00521cam a2200181 4500
001 ##D15480
008 090401t1964 xxu||||| |||| 00| 0 eng d
035 _a(Sirsi) u23103
041 0 _aeng
110 2 _aRoyal Institution of Chartered Surveyors
_94900
245 0 4 _aThe history and scope of the profession of surveying
260 _aLondon
_bRICS
_c1964
300 _a14p.
_c22cm.
520 _aFiled in box 1964/7 ABCD
690 _aABOUT RICS-RICS MEMBERS-CHARTERED SURVEYORS
942 _n0
948 _c04/03/1997
999 _c88321
_d88321